Pouvoirs de Spiderman - Statistiques

Statistiques générales
  • Ce quiz a été pris 157 fois
  • Le résultat moyen est 2 sur 38
Statistiques - réponses
Réponse % Correct
Spider-Sens
69%
Super Force
46%
Invisibilité
21%
Super Agilité
12%
Super Vitesse
6%
Vision Nocturne
2%
Blindage
1%
Crocs
1%
Main Adhésive
1%
Spider-compagnon
1%
Super Réflexes
1%
Blagueur
0%
Blits
0%
Boost des 5 sens
0%
Cocon d'hibernation
0%
Concentration de combat
0%
Contrôle des araignées
0%
Course à l'armement
0%
Dard
0%
Décharges électriques
0%
Dégâts lourds
0%
Égaliseur
0%
Équilibre Amélioré
0%
Esprit de feu
0%
Explosion
0%
Faible gravité
0%
Flou artistique
0%
Frappe assommante
0%
Guérison Améliorée
0%
Jets de toile
0%
Le silence est d'or
0%
Leurre holographique
0%
Marque de Kaine
0%
Ondes négatives
0%
Poing Électrique
0%
Rage impitoyable
0%
Rock 'n' Roll
0%
Roi de l'arène
0%
Aucun quiz correspondant
Distribution des résultats
% des personnes avec chaque résultat
Percentile par nombre de réponses
Votre historique - résultats
Vous n’avez pas pris ce quiz